THE EDGE OF TOWN (Record no. 216875)

MARC details
000 -LEADER
fixed length control field 00365nam a22001457a 4500
008 - FIXED-LENGTH DATA ELEMENTS--GENERAL INFORMATION
fixed length control field 260326b |||||||| |||| 00| 0 eng d
020 ## - INTERNATIONAL STANDARD BOOK NUMBER
International Standard Book Number 0-446-52769-6
100 ## - MAIN ENTRY--PERSONAL NAME
Personal name GARLOCK DOROTHY
245 ## - TITLE STATEMENT
Title THE EDGE OF TOWN
260 ## - PUBLICATION, DISTRIBUTION, ETC.
Place of publication, distribution, etc. NEW YORK
Name of publisher, distributor, etc. WARNER BOOKS
Date of publication, distribution, etc. 2001
300 ## - PHYSICAL DESCRIPTION
Extent 370P
650 ## - SUBJECT ADDED ENTRY
Topical term or geographic name entry element RURAL FAMILIES - FICTION
942 ## - ADDED ENTRY ELEMENTS (KOHA)
Source of classification or shelving scheme Library of Congress Classification
Koha item type Long Loan Book
Holdings
Withdrawn status Lost status Source of classification or shelving scheme Damaged status Not for loan Collection Home library Current library Shelving location Date acquired Inventory number Total checkouts Full call number Barcode Date last seen Date last checked out Price effective from Koha item type
    Library of Congress Classification     Fiction & Motivational Kisii University Library Kisii University Library On Display 03/26/2026 82360 1 PS 3557 .A71645 G37 2001 038622 03/29/2026 03/26/2026 03/26/2026 Long Loan Book